00591nam a22001697a 4500003000200000005001700002008004100019020002200060050002300082100002600105245006400131260003400195300006500229504005200294650005300346650002200399020240819144922.0240819b xxu||||| |||| 00| 0 eng d a978-0-367-62595-5 aGV 1779b.T73 2024 aTrahearn, Anthony R.  aCommercial dance :ban essential guidecAnthony R. Trahearn aNew York, NYbRoutledgec2024 aix, 224 pages :bcolored lllustrations and picture ; c25cm. aIncludes bibliographical references and index.  aDance in motion pictures, televisions, and etc.  aMusic and dance.